Evaluación de conocimientos sobre el dengue en escolares de primera etapa de la Parroquia Coche, Caracas, Venezuela (Registro nro. 525871)

Detalles MARC
001 - NÚMERO DE CONTROL
campo de control 1175666
005 - FECHA Y HORA DE LA ÚLTIMA TRANSACCIÓN
campo de control 20240202093024.0
008 - DATOS DE LONGITUD FIJA--INFORMACIÓN GENERAL
campo de control de longitud fija 091026s2007 spa
035 ## - NÚMERO DE CONTROL DEL SISTEMA
Número de control de sistema 1175666
035 ## - NÚMERO DE CONTROL DEL SISTEMA
Número de control de sistema (OCoLC)820505215
040 ## - FUENTE DE LA CATALOGACIÓN
Centro/agencia transcriptor comduadb
041 ## - CÓDIGO DE LENGUA
Código de lengua del texto/banda sonora o título independiente spa
100 10 - ENTRADA PRINCIPAL--NOMBRE DE PERSONA
Nombre de persona Marquez Gutierrez, Blanca Zulay
Código de función aut
Término indicativo de función/relación Autor/a
9 (RLIN) 570244
245 10 - MENCIÓN DE TÍTULO
Título Evaluación de conocimientos sobre el dengue en escolares de primera etapa de la Parroquia Coche, Caracas, Venezuela
260 ## - PUBLICACIÓN, DISTRIBUCIÓN, ETC.
Fecha de publicación, distribución, etc. 2007.
650 #7 - PUNTO DE ACCESO ADICIONAL DE MATERIA--TÉRMINO DE MATERIA
Término de materia o nombre geográfico como elemento de entrada Dengue
Fuente del encabezamiento o término lemb
9 (RLIN) 13809
650 ## - PUNTO DE ACCESO ADICIONAL DE MATERIA--TÉRMINO DE MATERIA
Término de materia o nombre geográfico como elemento de entrada Intervención educativa
9 (RLIN) 87929
650 ## - PUNTO DE ACCESO ADICIONAL DE MATERIA--TÉRMINO DE MATERIA
Término de materia o nombre geográfico como elemento de entrada Escolares - Venezuela
9 (RLIN) 169004
650 #7 - PUNTO DE ACCESO ADICIONAL DE MATERIA--TÉRMINO DE MATERIA
Término de materia o nombre geográfico como elemento de entrada Conocimiento
Fuente del encabezamiento o término lemb
9 (RLIN) 2082
700 10 - ENTRADA AGREGADA--NOMBRE PERSONAL
Nombre de persona Borges, Rafael Horacio
Código de función aut
Término indicativo de función/relación Autor/a
9 (RLIN) 652497
700 10 - ENTRADA AGREGADA--NOMBRE PERSONAL
Nombre de persona Rodriguez Ortega, Morella
Código de función aut
Término indicativo de función/relación Autor/a
9 (RLIN) 447514
773 0# - ENLACE AL DOCUMENTO FUENTE/ENTRADA DE REGISTRO ANFITRIÓN
Título Boletín de Malariología y Salud Ambiental (Maracay)
Parte(s) relacionada(s) Vol. 47, No. 02, Ago.-Dic. 2007, 205-212
Número de control del registro 952894
Número Internacional Normalizado para Publicaciones Seriadas 1690-4648
Número bibliográfico anfitrión 369895
942 ## - ELEMENTOS DE ENTRADA AGREGADA (KOHA)
Tipo de ítem Koha Artículo de Revista

No hay ítems disponibles.